| 000 | 00828cam a2200241 a 4500 | ||
|---|---|---|---|
| 001 | 000010519 | ||
| 005 | 20200929162237.0 | ||
| 008 | 840227r19721890ve b 000 f spa c | ||
| 035 | _a(DLC) 84672365 | ||
| 040 |
_aDO-SdBNP _bspa _cMH _dBNPHU |
||
| 082 |
_a863.5 _bR763p |
||
| 100 | 1 |
_aRomero García, Manuel Vicente, _d1865-1917. _925524 |
|
| 245 | 1 | 0 |
_aPeonía / _cManuel Vicente Romero García. |
| 260 |
_aCaracas, (Venezuela) : _bMonte Ávila, _c1972. |
||
| 300 |
_a280 p. ; _c16 cm. |
||
| 490 | 1 |
_aBiblioteca popular Eldorado _v9 |
|
| 600 | 1 | 0 |
_aROMERO GARCÍA, MANUEL VICENTE, _d1865-1917 _xCRÍTICA E INTEPRETACIÓN _925525 |
| 650 | 4 |
_aNovela española _91123 |
|
| 650 | 4 |
_aLiteratura española _ySIGLO XX _93326 |
|
| 830 | 0 |
_aBiblioteca popular Eldorado ; _v9. _916894 |
|
| 910 | _aCatalogación derivada | ||
| 049 | _aBNGR | ||
| 999 |
_c10278 _d10278 |
||